Europa vs. Europa #5 - Statistiken

Allgemein
  • Dieses Quiz wurde 20 mal gespielt
  • Das Durchschnittsergebnis liegt bei 10 aus 14
Antwortstatistiken
Frage Antwort % Korrekt
...Bruttoinlandsprodukt pro Kopf? Estland🇪🇪
94%
...HDI (Human Development Index)? Estland🇪🇪
94%
...Lebenserwartung? Estland🇪🇪
94%
...durchschnittlicher IQ? Estland🇪🇪
94%
...Einwohner? Bosnien🇧🇦
89%
...Gesundheitswesen? Estland🇪🇪
89%
...Frieden? Estland🇪🇪
89%
...Gewinner? Estland🇪🇪
83%
...Bruttoinlandsprodukt? Estland🇪🇪
72%
...Exportmengen? Estland🇪🇪
56%
...Fläche? Bosnien🇧🇦
50%
...Militär? Bosnien🇧🇦
50%
...Tourismus? Estland🇪🇪
44%
...Happy Planet Index? Bosnien🇧🇦
11%
Keine übereinstimmenden Quizze gefunden
Verteilung der Resultate
Anzahl Personen mit jedem Resultat
Perzentil nach korrekt beantworteten Fragen
Ihre Resultats-Entwicklung
Sie haben dieses Quiz noch nicht gespielt